[Event "HUN-chT2 Breyer 0304"]
[Site "Hungary"]
[Date "2003.11.30"]
[Round "4"]
[White "D Albini, Geza"]
[Black "Rithnovszky, Antal"]
[Result "1-0"]
[WhiteElo "2114"]
[BlackElo "2143"]
[PlyCount "167"]
[EventDate "2003.09.28"]
[EventType "team"]
[EventRounds "11"]
[EventCountry "HUN"]
[SourceTitle "EXT 2009"]
[Source "ChessBase"]
[SourceDate "2008.11.26"]
[SourceVersion "1"]
[SourceVersionDate "2008.11.26"]
[SourceQuality "1"]
[WhiteTeam "Vizugy II"]
[BlackTeam "Vasutepito"]
[WhiteTeamCountry "HUN"]
[BlackTeamCountry "HUN"]

1. c4 e6 2. g3 d5 3. Bg2 c6 4. cxd5 cxd5 5. Nf3 Nc6 6. 0-0 Be7 7. d3 Nf6 8. b3 0-0 9. Bb2 Bd7 10. Nbd2 Rc8 11. a3 a5 12. e4 h6 13. e5 Ne8 14. d4 Qb6 15. Nb1 Nc7 16. Nc3 Na6 17. Bh3 Rc7 18. Na4 Qa7 19. Nc3 Qb6 20. Re1 Ncb8 21. Bf1 Rfc8 22. Re3 Bc6 23. Bd3 Nd7 24. Bc2 Nf8 25. Qd3 Bd7 26. Ne1 Qc6 27. f4 b5 28. Ne2 Qb7 29. Rd1 b4 30. a4 Nb8 31. Bb1 Nc6 32. Nf3 Bd8 33. g4 Ne7 34. Ng3 Neg6 35. f5 Nf4 36. Qf1 Ra8 37. Ne1 g5 38. f6 Qa6 39. Nd3 N4g6 40. Qf2 Qb6 41. Nh5 Bc8 42. Ne1 Ba6 43. Ng2 Rac8 44. h4 Rc6 45. hxg5 hxg5 46. Ng7 Qc7 47. Rh3 Rc2 48. Bxc2 Qxc2 49. Rd2 Qe4 50. Qf3 Qb1+ 51. Kh2 Bf1 52. Rg3 Bxg2 53. Qxg2 Nf4 54. Qf2 Bb6 55. Nh5 Qh7 56. Kg1 Qb1+ 57. Qf1 Qe4 58. Nxf4 gxf4 59. Rf3 Ng6 60. Qe2 Nxe5 61. Qxe4 dxe4 62. Rxf4 e3 63. Re2 Nd3 64. Re4 Nxb2 65. Rxb2 e5 66. dxe5 Rc3 67. Kg2 Rd3 68. Kf3 Bd4 69. Rb1 Rd2 70. Rxe3 Bxe3 71. Kxe3 Rc2 72. Ke4 Kh7 73. Kf5 Rf2+ 74. Kg5 Rf3 75. Rb2 Re3 76. Kf4 Rh3 77. Rc2 Rxb3 78. Rc7 Kg6 79. Rc8 Rb1 80. Rg8+ Kh7 81. Rg7+ Kh8 82. Rxf7 b3 83. Rb7 b2 84. Kg5 1-0

[Event "HUN-chT2 Erkel 0203"]
[Site "Hungary"]
[Date "2003.03.02"]
[Round "8"]
[White "Havaskori, Laszlo"]
[Black "Rithnovszky, Antal"]
[Result "0-1"]
[WhiteElo "2100"]
[BlackElo "2134"]
[PlyCount "105"]
[EventDate "2002.09.22"]
[EventType "team"]
[EventRounds "11"]
[EventCountry "HUN"]
[SourceTitle "EXT 2009"]
[Source "ChessBase"]
[SourceDate "2008.11.26"]
[SourceVersion "1"]
[SourceVersionDate "2008.11.26"]
[SourceQuality "1"]

1. d4 e6 2. e4 d5 3. Nd2 Nf6 4. e5 Nfd7 5. f4 c5 6. Ndf3 Nc6 7. c3 a6 8. Bd3 cxd4 9. Nxd4 Nxd4 10. cxd4 Qb6 11. Nf3 Nb8 12. 0-0 Nc6 13. Kh1 g6 14. a3 Bd7 15. b4 h5 16. Be3 Ne7 17. Qe2 Nf5 18. Rfc1 Be7 19. Rc3 Bb5 20. Bf2 0-0 21. Rac1 Rfe8 22. g3 Bxd3 23. Qxd3 Qb5 24. Qc2 a5 25. a4 Qb6 26. b5 Bd8 27. Kg2 Qa7 28. Qd3 Bb6 29. h3 Kg7 30. g4 hxg4 31. hxg4 Nh6 32. Kg3 Qb8 33. Be3 Rh8 34. f5 exf5 35. Bxh6+ Rxh6 36. Rc8 f4+ 37. Kxf4 Qxc8 38. Rxc8 Rxc8 39. Kg3 Rc4 40. Qe3 Rh8 41. Qg5 Bd8 42. Qe3 Re8 43. Qa3 Bb6 44. Qa1 Rec8 45. g5 Rc3 46. Kg4 Rb3 47. Qh1 Rcc3 48. Qh6+ Kg8 49. e6 Rc7 50. exf7+ Kxf7 51. Qh7+ Ke6 52. Qg8+ Kd7 53. Qxd5+ 0-1

[Event "HUN-chT2 Erkel 0203"]
[Site "Hungary"]
[Date "2002.09.22"]
[Round "1"]
[White "Kovacs, Gyorgy"]
[Black "Rithnovszky, Antal"]
[Result "0-1"]
[WhiteElo "2187"]
[BlackElo "2134"]
[PlyCount "84"]
[EventDate "2002.09.22"]
[EventType "team"]
[EventRounds "11"]
[EventCountry "HUN"]
[SourceTitle "EXT 2009"]
[Source "ChessBase"]
[SourceDate "2008.11.26"]
[SourceVersion "1"]
[SourceVersionDate "2008.11.26"]
[SourceQuality "1"]

1. d4 e6 2. Nf3 d5 3. Bg5 Be7 4. h4 a6 5. e3 c5 6. Nbd2 Nc6 7. c3 h6 8. Bxe7 Qxe7 9. Ne5 Nxe5 10. dxe5 Bd7 11. Qg4 f5 12. Qg3 Qf7 13. Be2 Ne7 14. c4 Bc6 15. Rc1 b6 16. 0-0 0-0 17. a3 a5 18. cxd5 exd5 19. f4 Kh7 20. h5 Qe6 21. Qh3 Qd7 22. Rfd1 Qb7 23. Bd3 Bd7 24. Nf3 Be6 25. g4 Kh8 26. g5 Rad8 27. Bb5 d4 28. Nh4 Qe4 29. gxh6 Qxe3+ 30. Qxe3 dxe3 31. hxg7+ Kxg7 32. Rd6 Rxd6 33. exd6 Nd5 34. Ng6 Rd8 35. b4 cxb4 36. axb4 axb4 37. Ra1 Nf6 38. Ra7+ Kh6 39. Re7 Rxd6 40. Nf8 Rd1+ 41. Kh2 Bd5 42. Be2 Rd2 0-1

[Event "HUN-chT2 9798"]
[Site "Hungary"]
[Date "1997.??.??"]
[Round "?"]
[White "Rithnovszky, Antal"]
[Black "Juhasz, Bela"]
[Result "1/2-1/2"]
[WhiteElo "2160"]
[BlackElo "2225"]
[PlyCount "68"]
[EventDate "1997.??.??"]
[EventType "team"]
[EventRounds "11"]
[EventCountry "HUN"]
[SourceTitle "EXT 1999"]
[Source "ChessBase"]
[SourceDate "1998.11.16"]
[SourceVersion "1"]
[SourceVersionDate "1998.11.16"]
[SourceQuality "1"]

1. d4 Nf6 2. Bf4 b6 3. Nd2 Bb7 4. e3 g6 5. h3 Bg7 6. Ngf3 0-0 7. Be2 c5 8. c3 d6 9. 0-0 Nbd7 10. a4 a6 11. Bh2 Rc8 12. Qb3 Qc7 13. Rfd1 Qb8 14. Bf1 Qa8 15. Qa2 Bc6 16. b4 cxb4 17. cxb4 Nd5 18. Qb3 Bb7 19. Rac1 Rxc1 20. Rxc1 Rc8 21. Rxc8+ Qxc8 22. Bc4 N7f6 23. e4 Nc3 24. Bxf7+ Kh8 25. Be6 Qc6 26. d5 Qc7 27. e5 Nfe4 28. exd6 exd6 29. Qc4 Qxc4 30. Nxc4 Bxd5 31. Bxd5 Nxd5 32. Nxd6 Nec3 33. b5 a5 34. Ne5 Nxa4 1/2-1/2

[Event "HUN-chT2 9495"]
[Site "Hungary"]
[Date "1995.??.??"]
[Round "?"]
[White "Kis, Jozsef"]
[Black "Rithnovszky, Antal"]
[Result "1/2-1/2"]
[WhiteElo "2110"]
[BlackElo "2205"]
[PlyCount "30"]
[EventDate "1994.??.??"]
[EventType "team"]
[EventRounds "13"]
[EventCountry "HUN"]
[SourceTitle "EXT 1999"]
[Source "ChessBase"]
[SourceDate "1998.11.16"]
[SourceVersion "1"]
[SourceVersionDate "1998.11.16"]
[SourceQuality "1"]

1. d4 e6 2. c4 d5 3. Nc3 c6 4. e3 f5 5. f4 Nf6 6. Nf3 Bd6 7. Ne5 0-0 8. Bd3 Bd7 9. Qf3 Be8 10. Bd2 Bh5 11. Qf2 Nbd7 12. 0-0 Ng4 13. Nxg4 Bxg4 14. h3 Bh5 15. a3 Be7 1/2-1/2

[Event "HUN-chT2 9394"]
[Site "Hungary"]
[Date "1994.??.??"]
[Round "?"]
[White "Kozma, Karoly"]
[Black "Rithnovszky, Antal"]
[Result "1-0"]
[WhiteElo "2325"]
[BlackElo "2245"]
[PlyCount "95"]
[EventDate "1993.??.??"]
[EventType "team"]
[EventRounds "13"]
[EventCountry "HUN"]
[SourceTitle "TD"]
[Source "ChessBase"]
[SourceDate "1994.03.01"]
[SourceVersion "1"]
[SourceVersionDate "1994.03.01"]
[SourceQuality "1"]

1. d4 e6 2. c4 d5 3. Nf3 f5 4. Nc3 c6 5. g3 Nf6 6. Bg2 Be7 7. 0-0 0-0 8. b3 Bd7 9. Bb2 Be8 10. Ne5 Nbd7 11. Nd3 Bd6 12. Qc2 Bg6 13. e3 Qe7 14. Rfe1 Rae8 15. c5 Bb8 16. f4 Bh5 17. b4 Ne4 18. a4 Nxc3 19. Bxc3 Nf6 20. Rab1 Rc8 21. Rb2 Be8 22. Reb1 a6 23. Nf2 Bd7 24. Bf1 Bc7 25. b5 axb5 26. axb5 Rb8 27. b6 Bd8 28. Be1 Qe8 29. Ra2 Be7 30. Ra7 Bc8 31. h3 h6 32. Bg2 Qh5 33. Qd1 Qxd1 34. Rxd1 g5 35. fxg5 hxg5 36. Nd3 Nd7 37. h4 g4 38. Nf4 Kf7 39. Bc3 Bf6 40. Nd3 Re8 41. Kf2 e5 42. dxe5 Nxe5 43. Bxe5 Bxe5 44. Bxd5+ Kf6 45. Bf3 Bc3 46. Nf4 Re5 47. Rd6+ Kg7 48. Rd8 1-0

[Event "HUN-chT2 9394"]
[Site "Hungary"]
[Date "1994.??.??"]
[Round "?"]
[White "Papp, Laszlo"]
[Black "Rithnovszky, Antal"]
[Result "1-0"]
[WhiteElo "2220"]
[BlackElo "2245"]
[PlyCount "93"]
[EventDate "1993.??.??"]
[EventType "team"]
[EventRounds "13"]
[EventCountry "HUN"]
[SourceTitle "TD"]
[Source "ChessBase"]
[SourceDate "1994.03.01"]
[SourceVersion "1"]
[SourceVersionDate "1994.03.01"]
[SourceQuality "1"]

1. e4 e6 2. d4 d5 3. Nd2 Nf6 4. e5 Nfd7 5. Bd3 c5 6. c3 Nc6 7. Ne2 Be7 8. 0-0 cxd4 9. cxd4 Nb6 10. Kh1 Bd7 11. f4 g6 12. Nf3 h5 13. Qe1 Nb4 14. Bb1 Bb5 15. Qd1 a6 16. a3 Bxe2 17. Qxe2 Nc6 18. Bd2 Nc4 19. Bc3 Rc8 20. Bd3 b5 21. Qf2 Rc7 22. Qg3 Ne3 23. Rfe1 h4 24. Qh3 Nf5 25. g4 Ng7 26. Rf1 Qc8 27. Ne1 Bd8 28. Nc2 Ne7 29. Ne3 Rxc3 30. bxc3 Qxc3 31. Nf5 Kf8 32. Nxg7 Kxg7 33. f5 gxf5 34. gxf5 exf5 35. Bxf5 Qxh3 36. Bxh3 Nc6 37. Rad1 Be7 38. Rg1+ Kh6 39. Bd7 Na5 40. Rdf1 Rf8 41. Rf3 Nc4 42. Bc6 Nxa3 43. Bxd5 Nc2 44. Rg4 f5 45. exf6 Bxf6 46. Be4 Kh5 47. Rg6 1-0

[Event "HUN-chT2 9394"]
[Site "Hungary"]
[Date "1994.??.??"]
[Round "?"]
[White "Rithnovszky, Antal"]
[Black "Ortel, Endre"]
[Result "1/2-1/2"]
[WhiteElo "2245"]
[BlackElo "2340"]
[PlyCount "59"]
[EventDate "1993.??.??"]
[EventType "team"]
[EventRounds "13"]
[EventCountry "HUN"]
[SourceTitle "TD"]
[Source "ChessBase"]
[SourceDate "1994.03.01"]
[SourceVersion "1"]
[SourceVersionDate "1994.03.01"]
[SourceQuality "1"]

1. d4 e6 2. e3 Nf6 3. Bd3 b6 4. f4 c5 5. c3 Be7 6. Nf3 0-0 7. Qe2 d5 8. 0-0 a5 9. Bd2 Ba6 10. a4 Bxd3 11. Qxd3 Ne4 12. Na3 cxd4 13. exd4 Bxa3 14. Rxa3 Qc7 15. Ng5 Nf6 16. f5 h6 17. Nh3 e5 18. dxe5 Qxe5 19. Rb3 Nbd7 20. Bf4 Qe4 21. Qxe4 dxe4 22. Rb5 Rac8 23. Be3 Rc4 24. Ra1 Rd8 25. Bd4 Ne8 26. Nf2 Nc7 27. Rb3 Re8 28. Ng4 Na6 29. Rb5 Nc7 30. Rb3 1/2-1/2

[Event "HUN-chT2 9293"]
[Site "Hungary"]
[Date "1993.??.??"]
[Round "?"]
[White "Rithnovszky, Antal"]
[Black "Ortel, Endre"]
[Result "0-1"]
[WhiteElo "2270"]
[BlackElo "2320"]
[PlyCount "136"]
[EventDate "1992.??.??"]
[EventType "team"]
[EventRounds "12"]
[EventCountry "HUN"]
[SourceTitle "TD"]
[Source "ChessBase"]
[SourceDate "1994.03.01"]
[SourceVersion "1"]
[SourceVersionDate "1994.03.01"]
[SourceQuality "1"]

1. d4 e6 2. Nf3 Nf6 3. Bf4 b6 4. Nbd2 Bb7 5. e3 d5 6. h3 Bd6 7. Ne5 0-0 8. Bh2 c5 9. f4 Ba6 10. Bxa6 Nxa6 11. Qe2 Nb4 12. Ndf3 Qc7 13. c3 Nc6 14. g4 Ne4 15. g5 Bxe5 16. fxe5 Qb7 17. h4 b5 18. Nd2 Nxd2 19. Qxd2 b4 20. 0-0 bxc3 21. bxc3 Rab8 22. Rf2 Qb5 23. Raf1 Ne7 24. Bf4 Qc4 25. h5 Rb7 26. Qc1 Rc8 27. Rh2 Rbc7 28. Qe1 Qd3 29. Qd2 Qe4 30. Qg2 Qd3 31. Qd2 Qxd2 32. Rxd2 Rb7 33. Kg2 Nf5 34. Kf2 cxd4 35. cxd4 Kf8 36. Re1 Ke8 37. Rg1 Kd7 38. Re1 Rc3 39. Rg1 Ne7 40. Re1 Nc6 41. Kf3 Rb4 42. Kg4 a5 43. Ree2 a4 44. Rb2 a3 45. Rxb4 Nxb4 46. Kf3 Kc6 47. Bg3 Nc2 48. Kf4 Kb5 49. Bf2 Kc4 50. Rd2 Nb4 51. g6 fxg6 52. hxg6 hxg6 53. Bh4 Nxa2 54. Rxa2 Kb3 55. Rd2 a2 56. Rd1 Kb2 57. Be1 Rc2 58. e4 dxe4 59. Kxe4 a1Q 60. Rxa1 Kxa1 61. Kd3 Kb2 62. Bd2 Kb3 63. d5 exd5 64. Be3 Rc4 65. Bd4 g5 66. e6 Rc6 67. e7 Re6 68. Bc5 Re4 0-1